عرض عادي
عرض مارك
- Seybold, Patricia B.
مدخل إسم شخص
001 - رقم الضبط
- حقل الضبط: 17719
003 - معرف رقم الضبط
- حقل الضبط: OSt
005 - تاريخ ووقت أخر عملية
- حقل الضبط: 20121129220905.0
008 - عناصر بيانات ثابتة الطول
- حقل تحكم ثابت الطول: 121129|||a|||||| | ||| d
040 ## - مصدر الفهرسة
- هيئة الفهرسة الأصلية: OSt
- وكالة الكتابة: OSt
100 ## - مدخل -- أسم شخص
- إسم شخص: Seybold, Patricia B.
670 ## - بيانات المصدر موجوده
- الاستشهاد بالمصدر: Work cat.: (OSt)0: Lindström, Martin, 1970- 17716, Brandchild :, 2003.
